000 004330000a22001810004500
003 MACL
005 20150821152359.0
008 150821b xxu||||| |||| 00| 0 eng d
040 _aMACL
_cMACL
041 _aEnglish
082 _a616/WAT
100 _aWatking, Peter J
_96536
245 _aABC of Diabetes
260 _bOxford University Press
_c1990
_aNew Delhi
350 _a55
650 _aDisease
_96537
942 _cBK
_k616
_2ddc
999 _c5259
_d5259